Estados de EE. UU. con Nombres Cortos - Estadísticas

Estadísticas generales
  • Esta prueba ha sido intentada 3.857 veces
  • La puntuación promedio es 5 de 7
Estadísticas de respuestas
Estado % Correcto
Ohio
83%
Utah
73%
Iowa
70%
Texas
70%
Maine
67%
Idaho
65%
Hawái
57%
No se encontraron pruebas coincidentes
Distribución de puntuación
Porcentaje de gente con cada puntuación
Porcentaje por número respondido
Historial de tus puntuaciones
No has intentado esta prueba.